|
|
|
|
| LEADER |
00000nab a2200000 a 4500 |
| 001 |
vtls000916962 |
| 003 |
SK-MaSNL |
| 005 |
20260319075526.0 |
| 008 |
040720e19920827xo 0 slo |
| 035 |
|
|
|a KE25842
|
| 040 |
|
|
|a KEVKJB
|b slo
|c KEVKJB
|e AACR2
|
| 041 |
1 |
|
|h hun
|
| 044 |
|
|
|a xo
|c SK
|
| 080 |
|
|
|a 75.071.1
|2 1981
|
| 080 |
|
|
|a 929
|2 1981
|
| 100 |
1 |
|
|a Szaszák, György,
|d 1953-
|4 aut
|9 182261
|
| 245 |
1 |
0 |
|a Két kézzel a halálig
|
| 590 |
|
|
|a Eckerdt, Alexander 6.7.1932-24.8.1992
|b maliar, grafik
|
| 600 |
1 |
7 |
|a Eckerdt, Alexander,
|d 1932-1992
|2 KEVKJB
|9 36946
|
| 650 |
0 |
7 |
|a dielo
|2 KEVKJB
|9 432553
|
| 650 |
0 |
7 |
|a nekrológy
|2 KEVKJB
|9 28957
|
| 651 |
|
7 |
|a KE,
|2 KEVKJB
|9 877256
|
| 655 |
|
7 |
|a periodikum
|2 snkbucl
|9 29553
|
| 773 |
0 |
8 |
|t Új szó
|g Roč. 45, č.202, 27.8.1992, s. 4
|
| 852 |
|
|
|a ZVYKNI
|b KIS3GCP
|
| 999 |
|
|
|c 1402083
|d 1404013
|